000 005610000a22001810004500
041 0 _aSPA
082 0 4 _aG 253.8 S55915d
100 1 _aShoemaker, Norm
245 1 0 _aDiscipulado es más que palabras / Norm Shoemaker ; Christian Sarmiento, Traductor
260 _aKansas City, Missouri, USA : Casa Nazarena
300 _a46 Pag
500 _aTítulo original : Discipleship is more than a twelve letter word
001 6620
942 _cBK
999 _c36888
_d36888
336 _atexto
_btxt
_2rdacontent
337 _2rdamedia
_asin mediación
_bn
338 _2rdacarrier
_avolumen
_bnc